Một ngày với nữ phi hành gia Mae Jemison = A day with Mae Jemison

Giới thiệu về tiểu sử, cuộc đời và sự nghiệp của nữ phi hành gia Mae Jemison - người Mỹ gốc Phi

Zapisane w:
Opis bibliograficzny
Format: Książka
Język:Undetermined
Wydane: Thành phố Hồ Chí Minh Tổng hợp Thành phố Hồ Chí Minh 2014
Hasła przedmiotowe:
Etykiety: Dodaj etykietę
Nie ma etykietki, Dołącz pierwszą etykiete!
Thư viện lưu trữ: Trung tâm Học liệu Trường Đại học Cần Thơ
LEADER 00935nam a2200229Ia 4500
001 CTU_193176
008 210402s9999 xx 000 0 und d
020 |c 25000 
082 |a 629.450092 
082 |b M458 
245 0 |a Một ngày với nữ phi hành gia Mae Jemison = 
245 2 |b A day with Mae Jemison 
245 0 |c Nhóm dịch thuật nhà xuất bản tổng hợp thành phố Hồ Chí Minh 
260 |a Thành phố Hồ Chí Minh 
260 |b Tổng hợp Thành phố Hồ Chí Minh 
260 |c 2014 
520 |a Giới thiệu về tiểu sử, cuộc đời và sự nghiệp của nữ phi hành gia Mae Jemison - người Mỹ gốc Phi 
650 |a Astronauts,Phi hành gia 
650 |x Biography,Tiểu sử 
650 |z United States,Hoa Kỳ 
910 |a Hải 
980 |a Trung tâm Học liệu Trường Đại học Cần Thơ